000
00313nam a22001337a 4500
008
170724b xxu||||| |||| 00| 0 eng d
020
_a
9780470526934
041
_a
eng
080
_a
004
100
_a
29
101
_a
SHKI
245
_a
MICROSOFT BUSINESS INTELLIGENCE FOR DUMMIES
_c
WITHEE, K
942
_2
udc
_c
BK
999
_c
21821
_d
21821